Statistiques concernant pokémon types glace ( avec types indiquées ) [1G-7G]

Cliquez ici pour prendre le quiz!

Statistiques générales

  • Ce quiz a été pris 165 fois
    (160 depuis la dernière actualisation)
  • Le résultat moyen est 31 sur 40

Statistiques - réponses

GénérationN° pokédexTypesNom du pokémon% Correct
I144GlaceVolArtikodin
94%
IV478GlaceSpectreMomartik
92%
I087GlaceEauLamantine
91%
I124GlacePsyLippoutou
90%
III362GlaceOniglali
90%
IV461GlaceTénèbresDimoret
87%
III361GlaceStalgamin
87%
IV460GlacePlanteBlizzaroi
86%
IV459GlacePlanteBlizzi
86%
II215GlaceTénèbresFarfuret
85%
II238GlacePsyLippouti
85%
II220GlaceSolMarcacrin
85%
II221GlaceSolCochignon
84%
I131GlaceEauLokhlass
84%
III363GlaceEauObalie
84%
III364GlaceEauPhogleur
84%
III365GlaceEauKaimorse
83%
V646GlaceDragonKyurem
83%
I091GlaceEauCrustabri
82%
IV473GlaceSolMammochon
81%
V584GlaceSorbouboul
79%
V583GlaceSorboul
79%
V582GlaceSorbébé
77%
II225GlaceVolCadoizo
75%
VI699GlaceRocheDragmara
75%
VII038GlaceFéeFeunard
74%
V613GlacePolarhume
73%
VII027GlaceAcierSabelette
73%
VII028GlaceAcierSablaireau
73%
IV479GlaceElectriqueMotisma
72%
V614GlacePolagriffe
72%
VI698GlaceRocheAmagara
71%
VII037GlaceGoupix
71%
V615GlaceHexagel
71%
III378GlaceRegice
69%
IV471GlaceGivrali
67%
VI712GlaceGrelaçon
61%
VI713GlaceSeracrawl
59%
VII740GlaceCombatCrabominable
56%
III351GlaceMorphéo
34%

Distribution des résultats

Percentile par nombre de réponses

% des personnes avec chaque résultat

Votre développement - résultats

Vous n’avez pas pris ce quiz depuis la dernière actualisation